000 00663nam a2200217Ia 4500
003 IN-BaIIA
008 211028s9999 xx 000 0 eng d
020 _a90-277-1120-8
040 _cIIA Library
080 _a082.2:52
_bIAU-86
100 _aKundu, Mukul R
_95956
245 0 _aRadio Physics of the Sun
_cMukul R Kundu and Thomas E Gergely
260 _aDordrecht
_bD. Reidel Publishing
_c1980
300 _a475p.
650 _aAstronomy and Astrophysics Thesaurus
650 _aRadio Astronomy
_92849
650 _aSolar Physics
650 _aSun
_91200
700 _aGergely, Thomas E.
_911259
942 _cBK
999 _c6575
_d6575